The world's greatest disasters

Bibliographic Details
Main Author: Robins, Joyce
Format: Book
Published: London : The Hamlyn Publishing Group Limited , 1990
Subjects:

MARC

LEADER 00000cam a2200000 7i4500
001 0000026301
002 000028360
005 20000330.0
020 |a 0600569950 
090 0 0 |a 904   |b ROB 
100 1 |a Robins, Joyce 
245 1 4 |a The world's greatest disasters   |c Joyce Robins 
260 |a London :   |b The Hamlyn Publishing Group Limited ,   |c 1990 
300 |a 192p. ;   |c 30cm. 
650 0 0 |a Natural disasters 
999 |a 021557   |b BUKU   |c PINJAMAN   |e PERPUSTAKAAN KOMUNITI PETALING JAYA